Электронная структура объема и поверхности интерметаллических соединений GdY2Si2 (Y = Cu, Ag, Au); Перспективы развития фундаментальных наук; Т. 1 : Физика
| Parent link: | Перспективы развития фундаментальных наук=Prospects of Fundamental Sciences Development: сборник научных трудов XIV Международной конференции студентов, аспирантов и молодых ученых, г. Томск, 25-28 апреля 2017 г./ Национальный исследовательский Томский политехнический университет (ТПУ) ; под ред. И. А. Курзиной, Г. А. Вороновой.— , 2017 Т. 1 : Физика.— 2017.— [С. 87-89] |
|---|---|
| 第一著者: | |
| その他の著者: | |
| 要約: | Заглавие с экрана The results of ab initio study of the bulk and surface electronic structure of the GdY2Si2 compounds (Y = Cu, Ag, Au) are presented in this work. Our electronic band structure calculations have shown that the silicon-terminated surface of GdY2Si2 bears two distinct two-dimensional electron states, one being a Shockley surface state, and the other - a surface resonance. We demonstrate that the appearance of the surface resonance state is caused by a layered crystal structure of the GdY2Si2 compounds. |
| 言語: | ロシア語 |
| 出版事項: |
2017
|
| 主題: | |
| オンライン・アクセス: | http://earchive.tpu.ru/handle/11683/44196 |
| フォーマット: | MixedMaterials 電子媒体 図書の章 |
| KOHA link: | https://koha.lib.tpu.ru/cgi-bin/koha/opac-detail.pl?biblionumber=624349 |
MARC
| LEADER | 00000naa2a2200000 4500 | ||
|---|---|---|---|
| 001 | 624349 | ||
| 005 | 20231101133316.0 | ||
| 035 | |a (RuTPU)RU\TPU\conf\23609 | ||
| 035 | |a RU\TPU\conf\23608 | ||
| 090 | |a 624349 | ||
| 100 | |a 20171121d2017 k y0rusy50 ca | ||
| 101 | 0 | |a rus |d eng | |
| 102 | |a RU | ||
| 105 | |a y z 100zy | ||
| 135 | |a drcn ---uucaa | ||
| 181 | 0 | |a i | |
| 182 | 0 | |a b | |
| 200 | 1 | |a Электронная структура объема и поверхности интерметаллических соединений GdY2Si2 (Y = Cu, Ag, Au) |d Bulk and surface electronic structure of the GdY2Si2 compounds (Y = Cu, Ag, Au) |f А. Ю. Вязовская |g науч. рук. В. М. Кузнецов | |
| 203 | |a Текст |c электронный | ||
| 230 | |a 1 компьютерный файл (pdf; 284 Kb) | ||
| 300 | |a Заглавие с экрана | ||
| 320 | |a [Библиогр.: с. 89 (6 назв.)] | ||
| 330 | |a The results of ab initio study of the bulk and surface electronic structure of the GdY2Si2 compounds (Y = Cu, Ag, Au) are presented in this work. Our electronic band structure calculations have shown that the silicon-terminated surface of GdY2Si2 bears two distinct two-dimensional electron states, one being a Shockley surface state, and the other - a surface resonance. We demonstrate that the appearance of the surface resonance state is caused by a layered crystal structure of the GdY2Si2 compounds. | ||
| 461 | 1 | |0 (RuTPU)RU\TPU\conf\21388 |t Перспективы развития фундаментальных наук |l Prospects of Fundamental Sciences Development |o сборник научных трудов XIV Международной конференции студентов, аспирантов и молодых ученых, г. Томск, 25-28 апреля 2017 г. |o в 7 т. |f Национальный исследовательский Томский политехнический университет (ТПУ) ; под ред. И. А. Курзиной, Г. А. Вороновой |d 2017 | |
| 463 | 1 | |0 (RuTPU)RU\TPU\conf\21389 |t Т. 1 : Физика |v [С. 87-89] |d 2017 | |
| 510 | 1 | |a Bulk and surface electronic structure of the GdY2Si2 compounds (Y = Cu, Ag, Au) |z eng | |
| 610 | 1 | |a электронный ресурс | |
| 610 | 1 | |a интерметаллиды | |
| 610 | 1 | |a эффект Кондо | |
| 610 | 1 | |a магнетизм | |
| 610 | 1 | |a редкоземельные элементы | |
| 610 | 1 | |a электрический ток | |
| 700 | 1 | |a Вязовская |b А. Ю. | |
| 702 | 1 | |a Кузнецов |b В. М. |4 727 | |
| 801 | 2 | |a RU |b 63413507 |c 20171204 |g RCR | |
| 856 | 4 | |u http://earchive.tpu.ru/handle/11683/44196 | |
| 942 | |c BK | ||